000 01810nam0a22003611 4500
001 rc\459308
005 20250621093019.0
010 _a5-270-00254-Х
_950000
035 _a(NLR Aleph) 005703850
090 _a7306020
_c7306020
100 _a20030616d1988 |||y0rusy50 ca
101 0 _arus
102 _aRU
105 _aa |||||||||
200 1 _aПерекаты
_eПовести и рассказы
_fДенис Буляков
_gПеревод с башк. Я. Мустафина
_g[Худож. С. Астраханцев]
210 _aМ.
_cСовременник
_d1988
215 _a284, [2] с.
_cил.
_d21
225 1 _aНовинки "Современника"
327 1 _aСодерж.: Повести: Перекаты; В час заката; Рассказы: Проселок; Орден; Парень в белой кепке; Человек жив надеждой; Счастье приходит пешком; Самый красивый день
464 0 _12001#$aПерекаты
_tПерекаты
464 0 _12001#$aВ час заката
_tВ час заката
464 0 _12001#$aПроселок
_tПроселок
464 0 _12001#$aОрден
_tОрден
464 0 _12001#$aПарень в белой кепке
_tПарень в белой кепке
464 0 _12001#$aЧеловек жив надеждой
_tЧеловек жив надеждой
464 0 _12001#$aСчастье приходит пешком
_tСчастье приходит пешком
464 0 _12001#$aСамый красивый день
_tСамый красивый день
700 1 _aБуляков
_bД.М.
_f1944-
_gДенис Мударисович
801 0 _aRU
_bNLR
_gpsbo
801 1 _aRU
_bELAR
_2rusmarc
852 _aNLR
_j88-3/6590
942 _cBOOK
980 _aNB